Del oro al bitcoin : (Record no. 122395)

MARC details
000 -LEADER
campo de control de longitud fija 02827 a2200313 4500
003 - IDENTIFICADOR DE NÚMERO DE CONTROL
campo de control BJBSDDR
005 - FECHA Y HORA DE LA ÚLTIMA TRANSACCIÓN
campo de control 20241111165959.0
007 - CAMPO FIJO DE DESCRIPCIÓN FÍSICA--INFORMACIÓN GENERAL
campo de control de longitud fija ta
008 - DATOS DE LONGITUD FIJA--INFORMACIÓN GENERAL
campo de control de longitud fija 061124s2022 sp 00| 0 spa d
020 ## - NÚMERO INTERNACIONAL ESTÁNDAR DEL LIBRO
Número Internacional Estándar del Libro 9788423433667
020 ## - NÚMERO INTERNACIONAL ESTÁNDAR DEL LIBRO
Número Internacional Estándar del Libro 8423433668
040 ## - FUENTE DE CATALOGACIÓN
Lengua de catalogación spa
Centro/agencia transcriptor BJBSDDR
041 ## - CÓDIGO DE IDIOMA
Código de lengua del texto/banda sonora o título independiente spa
Código de lengua original eng
050 14 - SIGNATURA TOPOGRÁFICA DE LA BIBLIOTECA DEL CONGRESO
Número de clasificación HG 1710
Número de ítem B575d 2022
100 1# - ENTRADA PRINCIPAL--NOMBRE DE PERSONA
Nombre de persona Bhatia, Nik
9 (RLIN) 39364
240 10 - TÍTULO UNIFORME
Título uniforme Layered Money.
Lenguaje de la obra Español
245 10 - MENCIÓN DEL TÍTULO
Título Del oro al bitcoin :
Resto del título cómo y por qué las criptomonedas harán desaparecer los sistemas monetarios tradicionales /
Mención de responsabilidad, etc. Nik Bhatia ; Traducción de: Mercedes Vaquero Granados.
260 ## - PUBLICACIÓN, DISTRIBUCIÓN, ETC.
Lugar de publicación, distribución, etc. Barcelona :
Nombre del editor, distribuidor, etc. Deusto,
Fecha de publicación, distribución, etc. 2022.
300 ## - DESCRIPCIÓN FÍSICA
Extensión 157 páginas ;
Dimensiones 23 cm.
500 ## - NOTA GENERAL
Nota general Título original: Layered Money: From Gold and Dollars to Bitcoin and Central Bank Digital Currencies
520 ## - RESUMEN, ETC.
Sumario, etc. Tenemos un sistema monetario internacional en vías de reinvención y renovación, algo que rara vez ocurre. Con la consolidación del Bitcoin y otras criptomonedas, surgen muchas incertidumbres acerca del futuro del dinero. Lo que parece claro es que será digital, aunque la ciencia monetaria no disponía hasta ahora de un marco teórico flexible para incorporar estas nuevas formas de dinero.El académico e investigador de mercados financieros Nik Bhatia ofrece en este libro una topografía del dinero con la que orientarse en esta incierta encrucijada. Y lo hace elaborando un nuevo marco teórico denominado «dinero en capas». Esta nueva terminología nos permite describir nuestro dinámico sistema monetario, nos ayudar a navegar por la geomorfología del dinero y nos explica cómo se relacionan entre sí las diferentes formas de dinero.La idea del dinero como un sistema en capas aporta un método más claro para conceptualizar los cambios monetarios, y así poder trazar una historia completa del dinero desde sus orígenes. Bhatia comienza su análisis regresando al florín de oro de la Italia renacentista y a su cultura bancaria floreciente. Continúa con la evolución de la banca central y concluye con una explicación de la manera en que la fusión de las ciencias monetarias y las criptográficas, y la invención del Bitcoin, crearon un cambio sísmico en nuestro sistema financiero.Del oro bitcoin recoge la necesaria puesta al día de la teoría monetaria para poder entender y explicar el papel que jugarán las nuevas criptomonedas en el futuro. En un mundo en el que se podrá escoger moneda, va a suponer una gran ventaja saber desplazarse por el mapa monetario.
650 #4 - PUNTO DE ACCESO ADICIONAL DE MATERIA--TÉRMINO DE MATERIA
Término de materia o nombre geográfico como elemento de entrada Bitcoin (Moneda electrónica)
9 (RLIN) 6869
650 #4 - PUNTO DE ACCESO ADICIONAL DE MATERIA--TÉRMINO DE MATERIA
Término de materia o nombre geográfico como elemento de entrada Criptomonedas
9 (RLIN) 6870
650 #4 - PUNTO DE ACCESO ADICIONAL DE MATERIA--TÉRMINO DE MATERIA
Término de materia o nombre geográfico como elemento de entrada Sistema monetario internacional
9 (RLIN) 7552
650 #4 - PUNTO DE ACCESO ADICIONAL DE MATERIA--TÉRMINO DE MATERIA
Término de materia o nombre geográfico como elemento de entrada Mercado financiero
Subdivisión general Innovaciones tecnológicas
9 (RLIN) 39452
700 1# - ENTRADA AGREGADA--NOMBRE PERSONAL
Nombre de persona Vaquero Granados, Mercedes
9 (RLIN) 1924
Término indicativo de función/relación traductora
942 ## - ELEMENTOS DE ENTRADA SECUNDARIOS (KOHA)
Fuente del sistema de clasificación o colocación Clasificación de Library of Congress
Tipo de ítem Koha Libro
946 ## - PROCESAMIENTO DE INFORMACIÓN LOCAL (OCLC)
Iniciales del agente catalogador dpf
Holdings
Estatus retirado Estado de pérdida Fuente del sistema de clasificación o colocación Estado de daño No para préstamo Colección Biblioteca de origen Biblioteca actual Ubicación en estantería Fecha de adquisición Signatura topográfica completa Código de barras Visto por última vez Copia número Tipo de ítem Koha
    Clasificación de Library of Congress     Ciencias Sociales Biblioteca Juan Bosch Biblioteca Juan Bosch Ciencias Sociales (3er. Piso) 06/11/2024 HG 1710 B575d 2022 00000186797 06/11/2024 1 Libro